000 00807nam a2200217 4500
001 137913
003 ES-MaACL
005 20230906195451.0
007 t|
008 070214s1963 sp r ||||1| spa d
100 1 _aSánchez Diana, José María.
_9102609
245 1 0 _aEspaña y el Norte de Europa durante la Revolución Francesa /
_cpor José María Sánchez Diana.
260 _aValladolid :
_b[s. n.],
_c1963 (
_fGráf. Andrés Martín)
300 _a102 p. ;
_c22 cm.
490 1 _aEstudios y documentos
500 _aPrecede al tít.: Universidad de Valladolid, Facultad de Filosofía y Letras.
710 2 _aUniversidad de Valladolid.
_bFacultad de Filosofía y Letras.
_97344
830 0 _aEstudios y documentos
_9182659
852 _aES-MaACL
_jC-25006
_bR.53874
999 _c137913
_d137913